Score 0/30 Timer 05:00
8 Plays Today
% Correct
United States of America
98.9%
United Kingdom
98.3%
France
97.4%
Germany
96.2%
Spain
95.1%
Italy
93.4%
Canada
93.2%
Portugal
90.8%
Norway
88%
Denmark
86.4%
Belgium
84.5%
Poland
84.3%
Greece
83.7%
Netherlands
83%
Turkey
78.3%
% Correct
Iceland
76.5%
Czechia
74.1%
Hungary
74.1%
Latvia
70.8%
Estonia
70.6%
Lithuania
70.3%
Slovakia
69.7%
Luxembourg
68.3%
Romania
68.1%
Croatia
66.7%
Slovenia
65.9%
North Macedonia
63.6%
Bulgaria
63.4%
Albania
60.8%
Montenegro
59.6%
Remove Ads.
Support Sporcle.
Get the best of Sporcle when you Go Orange. This ad-free experience offers more features, more stats, and more fun while also helping to support Sporcle. Thank you for becoming a member.

You're not logged in!

Compare scores with friends on all Sporcle quizzes.
OR
Log In

Show Comments

Extras

Top Quizzes Today


Score Distribution

Your Account Isn't Verified!

In order to create a playlist on Sporcle, you need to verify the email address you used during registration. Go to your Sporcle Settings to finish the process.

Report this User

Report this user for behavior that violates our Community Guidelines.

Details: